| 000 | 00599nam a2200253Ia 4500 | ||
|---|---|---|---|
| 008 | 190123s9999 xx 000 0 und d | ||
| 020 | _a9780531266021 | ||
| 050 | _bC973 2011 | ||
| 100 | _aCunningham, Kevin | ||
| 245 | 4 | _aThe Georgia colony / | |
| 245 | 0 | _cby Kevin Cunningham. | |
| 260 | _aNew York, New York : | ||
| 260 | _bScholastic, | ||
| 260 | _c2011 | ||
| 300 | _a48 pages : | ||
| 300 | _bcolored illustrations ; | ||
| 300 | _c21cm. | ||
| 440 | _aA true book. | ||
| 500 | _a910L | ||
| 650 | _aGeorgia -- | ||
| 650 | _xHistory. | ||
| 700 | _aSeries. | ||
| 700 | _aTitle. | ||
| 999 |
_c361202 _d361202 |
||